Don Quijote, Don Juan y la Celestina (Record no. 89080)
[ view plain ]
| 000 -LEADER | |
|---|---|
| campo de control de longitud fija | 01528nam a2200337 i 4500 |
| 001 - NÚMERO DE CONTROL | |
| campo de control | 89080 |
| 003 - IDENTIFICADOR DE NÚMERO DE CONTROL | |
| campo de control | ES-MaACL |
| 005 - FECHA Y HORA DE LA ÚLTIMA TRANSACCIÓN | |
| campo de control | 20250818043714.0 |
| 007 - CAMPO FIJO DE DESCRIPCIÓN FÍSICA--INFORMACIÓN GENERAL | |
| campo de control de longitud fija | t| |
| 008 - DATOS DE LONGITUD FIJA--INFORMACIÓN GENERAL | |
| campo de control de longitud fija | 050127s2004 sp ||||1| spa d |
| 020 ## - NÚMERO INTERNACIONAL ESTÁNDAR DEL LIBRO | |
| Número Internacional Estándar del Libro | 84-7522-811-9 |
| 080 ## - NÚMERO DE LA CLASIFICACIÓN DECIMAL UNIVERSAL | |
| Número de la Clasificación Decimal Universal | 821.134.2 Cervantes Saavedra, Miguel de 7 Quijote.07 |
| 080 ## - NÚMERO DE LA CLASIFICACIÓN DECIMAL UNIVERSAL | |
| Número de la Clasificación Decimal Universal | 821.134.2 Zorrilla, José 7 Don Juan Tenorio.07 |
| 080 ## - NÚMERO DE LA CLASIFICACIÓN DECIMAL UNIVERSAL | |
| Número de la Clasificación Decimal Universal | 821.134.2 Rojas, Fernando de 7 Celestina.07 |
| 100 1# - ENTRADA PRINCIPAL--NOMBRE DE PERSONA | |
| Nombre de persona | Maeztu, Ramiro de, |
| Fechas asociadas al nombre | 1875-1936 |
| 9 (RLIN) | 75421 |
| 245 10 - MENCIÓN DEL TÍTULO | |
| Título | Don Quijote, Don Juan y la Celestina |
| Resto del título | : ensayos en simpatía / |
| Mención de responsabilidad, etc. | Ramiro de Maeztu ; prólogo de José-Carlos Mainer. |
| 260 ## - PUBLICACIÓN, DISTRIBUCIÓN, ETC. | |
| Lugar de publicación, distribución, etc. | Madrid : |
| Nombre del editor, distribuidor, etc. | Comunidad de Madrid, Consejería de Educación : |
| -- | Visor Libros, |
| Fecha de publicación, distribución, etc. | [2004] |
| 300 ## - DESCRIPCIÓN FÍSICA | |
| Extensión | 188 p. ; |
| Dimensiones | 22 cm. |
| 490 1# - MENCIÓN DE SERIE | |
| Mención de serie | Letras madrileñas contemporáneas ; |
| Designación de volumen o secuencia | 11 |
| 600 14 - PUNTO DE ACCESO ADICIONAL DE MATERIA--NOMBRE DE PERSONA | |
| Nombre de persona | Cervantes Saavedra, Miguel de, |
| Fechas asociadas al nombre | 1547-1616. |
| Título de la obra | Don Quijote de la Mancha |
| 9 (RLIN) | 37612 |
| 600 14 - PUNTO DE ACCESO ADICIONAL DE MATERIA--NOMBRE DE PERSONA | |
| Nombre de persona | Zorrilla, José, |
| Fechas asociadas al nombre | 1817-1893. |
| Título de la obra | Don Juan Tenorio |
| 9 (RLIN) | 172772 |
| 600 14 - PUNTO DE ACCESO ADICIONAL DE MATERIA--NOMBRE DE PERSONA | |
| Nombre de persona | Rojas, Fernando de, |
| Fechas asociadas al nombre | ca. 1470-1541. |
| Título de la obra | La Celestina |
| 9 (RLIN) | 99043 |
| 650 #4 - PUNTO DE ACCESO ADICIONAL DE MATERIA--TÉRMINO DE MATERIA | |
| Término de materia o nombre geográfico como elemento de entrada | Don Quijote (Personaje de ficción)- |
| Subdivisión general | En la literatura. |
| 9 (RLIN) | 172771 |
| 650 #4 - PUNTO DE ACCESO ADICIONAL DE MATERIA--TÉRMINO DE MATERIA | |
| Término de materia o nombre geográfico como elemento de entrada | Don Juan (Personaje de ficción)- |
| Subdivisión general | En la literatura. |
| 9 (RLIN) | 157464 |
| 650 #7 - PUNTO DE ACCESO ADICIONAL DE MATERIA--TÉRMINO DE MATERIA | |
| Término de materia o nombre geográfico como elemento de entrada | Celestina (Personaje de ficción) |
| Fuente del encabezamiento o término | embne |
| 9 (RLIN) | 172770 |
| 700 1# - ENTRADA AGREGADA--NOMBRE PERSONAL | |
| Nombre de persona | Mainer, José-Carlos, |
| Fechas asociadas al nombre | 1944- |
| 9 (RLIN) | 75599 |
| 710 1# - ENTRADA AGREGADA--NOMBRE DE ENTIDAD CORPORATIVA | |
| Nombre de entidad corporativa o nombre de jurisdicción como elemento de entrada | Madrid (Comunidad Autónoma). |
| Unidad subordinada | Consejería de Educación. |
| 9 (RLIN) | 5600 |
| 830 1# - PUNTO DE ACCESO ADICIONAL DE SERIE-TÍTULO UNIFORME | |
| Título uniforme | Letras madrileñas contemporáneas ; |
| Designación de volumen o secuencia | 11 |
| 9 (RLIN) | 180341 |
| 852 ## - LOCALIZACIÓN | |
| Ubicación | ES-MaACL |
| Número de control de estantería | L-28717 |
| Estatus retirado | Estado de pérdida | Estado de daño | No para préstamo | Biblioteca de origen | Biblioteca actual | Ubicación en estantería | Fecha de adquisición | Fuente de adquisición | Total de préstamos | Signatura topográfica completa | Código de barras | Visto por última vez | Precio de reemplazo | Tipo de ítem Koha |
|---|---|---|---|---|---|---|---|---|---|---|---|---|---|---|
| Biblioteca del Ateneo de Madrid | Biblioteca del Ateneo de Madrid | Depósito 2 | 17/01/2008 | L-28717 | 1093035 | 23/02/2023 | 23/02/2023 | Libro impreso |
